<?xml version="1.0" encoding="UTF-8"?>
<record
    xmlns:xsi="http://www.w3.org/2001/XMLSchema-instance"
    xsi:schemaLocation="http://www.loc.gov/MARC21/slim http://www.loc.gov/standards/marcxml/schema/MARC21slim.xsd"
    xmlns="http://www.loc.gov/MARC21/slim">

  <leader>02106nam a22003137a 4500</leader>
  <datafield tag="999" ind1=" " ind2=" ">
    <subfield code="c">21954</subfield>
    <subfield code="d">21954</subfield>
  </datafield>
  <controlfield tag="003">AR-CdUCM</controlfield>
  <controlfield tag="008">190425b           ||||| |||| 00| 0 spa d</controlfield>
  <datafield tag="040" ind1=" " ind2=" ">
    <subfield code="a">MUNICIPALIDAD PROVINCIAL DEL CUSCO</subfield>
    <subfield code="c">BIBLIOTECA MUNICIPAL DEL CUSCO</subfield>
  </datafield>
  <datafield tag="082" ind1=" " ind2=" ">
    <subfield code="a">Cantua/N&#xB0;13/2006</subfield>
  </datafield>
  <datafield tag="245" ind1=" " ind2=" ">
    <subfield code="a">Revista Cantua /</subfield>
    <subfield code="c">&#xD3;rgano del Centro de estudiantes de Ciencias Biol&#xF3;gicas</subfield>
  </datafield>
  <datafield tag="260" ind1=" " ind2=" ">
    <subfield code="a">Cusco :</subfield>
    <subfield code="b">&#xD3;rgano del Centro de estudiantes de Ciencias Biol&#xF3;gicas,</subfield>
    <subfield code="c">2006.</subfield>
  </datafield>
  <datafield tag="300" ind1=" " ind2=" ">
    <subfield code="a">69 p&#xE1;ginas. :</subfield>
    <subfield code="b">ilustraciones ;</subfield>
    <subfield code="c">29 cm.</subfield>
  </datafield>
  <datafield tag="440" ind1=" " ind2=" ">
    <subfield code="a">Cantua</subfield>
    <subfield code="n">N&#xFA;mero 13,  a&#xF1;o 2006.</subfield>
    <subfield code="9">46977</subfield>
  </datafield>
  <datafield tag="505" ind1=" " ind2=" ">
    <subfield code="a">Contenido: Determinaci&#xF3;n del n&#xFA;mero cromos&#xF3;mico y cariotipo del K&#xB4;aspicuro. -- Bioinform&#xE1;tica ciencia y herramienta. -- Valoraci&#xF3;n econ&#xF3;mica de la Mazasamba especie promisoria del Valle de La Convenci&#xF3;n Cuso. --  Flora Arbustiva de la microcuenca de Cachimayo Cusco. -- Evaluaci&#xF3;n de la flora en los sectores de Qorihuayrachina, Runcuracay y Cruzpata Santuario Hist&#xF3;rico de Machupicchu. -- Contribuci&#xF3;n al conocimiento de la familia cactaceae en la micro cuenca del r&#xED;o Lucre. -- Bioindicadores reofilos del r&#xED;o Saphy Cusco. -- Biodiversidad y cultura aliados del ecoturismo caso comunidad de Santa Rosa de Huacar&#xED;a RBM. -- Contaminaci&#xF3;n de aguas recreacionales termales en el departamento del Cusco. -- Evaluaci&#xF3;n del impacto ambiental de la actividad artesanal para el turismo en Ccorao. -- Diversidad de Macromicetos en la microcuenca de K&#xB4;ayra Cusco. -- Cambio clim&#xE1;tico en el Valle del Cusco. -- Vulnerabilidad ambiental del Santuario Hist&#xF3;rico de Machupicchu...</subfield>
  </datafield>
  <datafield tag="650" ind1=" " ind2=" ">
    <subfield code="a">Biolog&#xED;a</subfield>
    <subfield code="9">881</subfield>
  </datafield>
  <datafield tag="650" ind1=" " ind2=" ">
    <subfield code="a">Ecolog&#xED;a</subfield>
    <subfield code="9">4960</subfield>
  </datafield>
  <datafield tag="650" ind1=" " ind2=" ">
    <subfield code="a">Impacto Ambiental</subfield>
    <subfield code="9">44210</subfield>
  </datafield>
  <datafield tag="650" ind1=" " ind2=" ">
    <subfield code="a">Machupicchu</subfield>
    <subfield code="9">1751</subfield>
  </datafield>
  <datafield tag="650" ind1=" " ind2=" ">
    <subfield code="a">Biodiversidad</subfield>
    <subfield code="9">19327</subfield>
  </datafield>
  <datafield tag="650" ind1=" " ind2=" ">
    <subfield code="a">Cusco</subfield>
    <subfield code="9">772</subfield>
  </datafield>
  <datafield tag="700" ind1=" " ind2=" ">
    <subfield code="a">Tupayachi Herrera, Alfredo</subfield>
    <subfield code="9">20659</subfield>
  </datafield>
  <datafield tag="700" ind1=" " ind2=" ">
    <subfield code="a">Tupayachi Madera, Emperatriz</subfield>
    <subfield code="9">46978</subfield>
  </datafield>
  <datafield tag="700" ind1=" " ind2=" ">
    <subfield code="a">Corimanya Aucca Pacha, Jeny</subfield>
    <subfield code="9">46979</subfield>
  </datafield>
  <datafield tag="700" ind1=" " ind2=" ">
    <subfield code="a">Mu&#xF1;iz Duran, Griselda</subfield>
    <subfield code="9">46980</subfield>
  </datafield>
  <datafield tag="700" ind1=" " ind2=" ">
    <subfield code="a">Vera Ferchau, Ingrid</subfield>
    <subfield code="9">46981</subfield>
  </datafield>
  <datafield tag="710" ind1=" " ind2=" ">
    <subfield code="a">Universidad Nacional de San Antonio Abad del Cusco</subfield>
    <subfield code="9">15942</subfield>
  </datafield>
  <datafield tag="942" ind1=" " ind2=" ">
    <subfield code="2">ddc</subfield>
    <subfield code="c">PP</subfield>
  </datafield>
  <datafield tag="945" ind1=" " ind2=" ">
    <subfield code="a">rac</subfield>
  </datafield>
  <datafield tag="952" ind1=" " ind2=" ">
    <subfield code="0">0</subfield>
    <subfield code="2">ddc</subfield>
    <subfield code="4">0</subfield>
    <subfield code="7">0</subfield>
    <subfield code="a">HEM</subfield>
    <subfield code="b">HEM</subfield>
    <subfield code="c">CART</subfield>
    <subfield code="d">2022-01-18</subfield>
    <subfield code="e">Donaci&#xF3;n</subfield>
    <subfield code="g">10.00</subfield>
    <subfield code="o">Cantua/N&#xB0;13/2006</subfield>
    <subfield code="p">REVC000469</subfield>
    <subfield code="r">2022-01-18</subfield>
    <subfield code="y">PP</subfield>
  </datafield>
  <datafield tag="952" ind1=" " ind2=" ">
    <subfield code="0">0</subfield>
    <subfield code="2">ddc</subfield>
    <subfield code="4">0</subfield>
    <subfield code="7">0</subfield>
    <subfield code="a">HEM</subfield>
    <subfield code="b">HEM</subfield>
    <subfield code="c">CART</subfield>
    <subfield code="d">2022-01-18</subfield>
    <subfield code="e">Donaci&#xF3;n</subfield>
    <subfield code="g">10.00</subfield>
    <subfield code="o">Cantua/N&#xB0;13/2006/e.2</subfield>
    <subfield code="p">REVC000470</subfield>
    <subfield code="r">2022-01-18</subfield>
    <subfield code="y">PP</subfield>
  </datafield>
</record>
